Možnosti uplatnenia práce na diaľku

Nové možnosti práce a jej uplatnenie v organizácii. Základné pojmy a prvky práce na diaľku. Výhody, ktoré tento spôsob práce prináša, možnosti využitia a prínos pre zamestnancov aj pre zamestnávateľov.

Salvato in:
Dettagli Bibliografici
Autore principale: Brezániová, Mária
Natura: Capitolo di libro
Lingua:slovacco
Soggetti:
Tags: Aggiungi Tag
Nessun Tag, puoi essere il primo ad aggiungerne!!

MARC

LEADER 00000nla$a2200000$$$4500
001 0144673
005 20221103134012.2
041 0 |a slo 
044 |a SK 
245 1 0 |a Možnosti uplatnenia práce na diaľku  |c Mária Brezániová 
520 |a Nové možnosti práce a jej uplatnenie v organizácii. Základné pojmy a prvky práce na diaľku. Výhody, ktoré tento spôsob práce prináša, možnosti využitia a prínos pre zamestnancov aj pre zamestnávateľov. 
610 2 0 |a technológie informačné 
610 2 0 |a technológie komunikačné 
610 2 0 |a telefón 
610 2 0 |a práca z domu 
610 2 0 |a komunikácia 
610 2 0 |a čas pracovný 
610 2 0 |a organizácia práce 
610 2 0 |a flexibilita 
610 2 0 |a zamestnávatelia 
610 2 0 |a zamestnanci 
100 1 |a Brezániová, Mária